| 000 | 00531nam a2200157 a 4500 | ||
|---|---|---|---|
| 001 | 000030484 | ||
| 005 | 20200930062334.0 | ||
| 008 | 110518s1984 dr 000 | spa d | ||
| 040 |
_aDO-SdBNP _bspa _cBNPHU |
||
| 082 |
_axxx _bR426g |
||
| 110 | 1 |
_aRepública Dominicana. _bSecretaría de Estado de Agricultura. _bSubsecretaría de Recursos Naturales _955634 |
|
| 245 | 1 | 0 | _aGlosario ecologíco conservacionista. |
| 260 |
_aSanto Domingo : _bSubsecretaría de Recursos Naturales, _c1984. |
||
| 300 |
_a31 p. ; _c21 cm. |
||
| 049 | _aBNPD | ||
| 999 |
_c29976 _d29976 |
||